National Parks In Arizona - Statistics

General Stats
  • This quiz has been taken 11 times
  • The average score is 8 of 19
Answer Stats
Type Answer % Correct
NP Grand Canyon
100%
NP Saguaro
100%
NP Petrified Forest
75%
NM Montezuma Castle
63%
NM Wupatki
63%
NM Sunset Crater Volcano
50%
NM Canyon de Chelly
38%
NM Casa Grande Ruins
38%
NM Chiricahua
38%
NM Navajo
38%
NM Walnut Canyon
38%
N MEM Coronado
25%
NM Organ Pipe Cactus
25%
NM Pipe Spring
25%
NM Tonto
25%
NM Tuzigoot
25%
NHS Fort Bowie
13%
NHP Tumacacori
13%
NHS Hubbell Trading Post
0%
No matching quizzes found
Score Distribution
Percent of People with Each Score
Percentile by Number Answered
Your Score History
You have not taken this quiz